A dictionary of law / (Record no. 12119)
[ view plain ]
| 000 -LEADER | |
|---|---|
| fixed length control field | 01065cam a2200277 a 4500 |
| 001 - CONTROL NUMBER | |
| control field | 14450244 |
| 005 - DATE AND TIME OF LATEST TRANSACTION | |
| control field | 20161027144500.0 |
| 008 - FIXED-LENGTH DATA ELEMENTS--GENERAL INFORMATION | |
| fixed length control field | 060713s2006 nyu 000 0 eng |
| 010 ## - LIBRARY OF CONGRESS CONTROL NUMBER | |
| LC control number | 2006048521 |
| Canceled/invalid LC control number | 2006050313 |
| 020 ## - INTERNATIONAL STANDARD BOOK NUMBER | |
| International Standard Book Number | 9780192806987 |
| 040 ## - CATALOGING SOURCE | |
| Original cataloging agency | DLC |
| Transcribing agency | DLC |
| Modifying agency | DLC |
| 050 00 - LIBRARY OF CONGRESS CALL NUMBER | |
| Classification number | KD313 |
| Item number | .C66 2006 |
| 082 00 - DEWEY DECIMAL CLASSIFICATION NUMBER | |
| Classification number | 349.4103 |
| Edition number | 22 |
| Item number | ADI REF |
| 245 02 - TITLE STATEMENT | |
| Title | A dictionary of law / |
| Statement of responsibility, etc | Edited by Elizabeth A. Martin, Jonathan Law. |
| 246 14 - VARYING FORM OF TITLE | |
| Title proper/short title | Oxford dictionary of law |
| 250 ## - EDITION STATEMENT | |
| Edition statement | 6th ed. |
| 260 ## - PUBLICATION, DISTRIBUTION, ETC. (IMPRINT) | |
| Place of publication, distribution, etc | New York : |
| Name of publisher, distributor, etc | Oxford University Press, |
| Date of publication, distribution, etc | c2006. |
| 300 ## - PHYSICAL DESCRIPTION | |
| Extent | 590 p. ; |
| Dimensions | 20 cm. |
| 650 #0 - SUBJECT ADDED ENTRY--TOPICAL TERM | |
| Topical term or geographic name as entry element | Law |
| Geographic subdivision | Great Britain |
| Form subdivision | Dictionaries. |
| 9 (RLIN) | 7242 |
| 700 1# - ADDED ENTRY--PERSONAL NAME | |
| Personal name | Law, Jonathan. |
| 9 (RLIN) | 7244 |
| 700 1# - ADDED ENTRY--PERSONAL NAME | |
| 9 (RLIN) | 7243 |
| Personal name | Martin, E. A. |
| Fuller form of name | (Elizabeth A.) |
| 856 41 - ELECTRONIC LOCATION AND ACCESS | |
| Materials specified | Table of contents only |
| Uniform Resource Identifier | <a href="http://www.loc.gov/catdir/toc/fy0702/2006048521.html">http://www.loc.gov/catdir/toc/fy0702/2006048521.html</a> |
| 856 42 - ELECTRONIC LOCATION AND ACCESS | |
| Materials specified | Publisher description |
| Uniform Resource Identifier | <a href="http://www.loc.gov/catdir/enhancements/fy0725/2006048521-d.html">http://www.loc.gov/catdir/enhancements/fy0725/2006048521-d.html</a> |
| 942 ## - ADDED ENTRY ELEMENTS (KOHA) | |
| Source of classification or shelving scheme | Dewey Decimal Classification |
| Item type | Reference (NB) |
| Withdrawn status | Item status | Source of classification or shelving scheme | Damaged status | Not for loan | Vendor | Home library | Current library | Shelving location | Date acquired | Cost, normal purchase price | Serial Enumeration / chronology | Total Checkouts | Total Renewals | Full call number | Barcode | Date last seen | Date last borrowed | Koha item type |
|---|---|---|---|---|---|---|---|---|---|---|---|---|---|---|---|---|---|---|
| Dewey Decimal Classification | Alahram | Central Library | Central Library | First floor | 30/06/2009 | 59.00 | 367 | 6 | 3 | 349.4103 ADI REF | 000017252 | 15/07/2025 | 02/05/2024 | Book - Borrowing |